Estadísticas para Finales de la Copa de Europa - UEFA Champions League

Haz click aquí para intentar la prueba.

Estadísticas generales

  • Esta prueba ha sido intentada 1.924 veces
    (1.415 desde el último reinicio)
  • La puntuación promedio es 47 de 75

Estadísticas de respuestas

Campeón% Correcto
Barcelona
98%
Camp Nou, Barcelona
98%
Real Madrid
98%
Giuseppe Meazza, Milán
96%
Liverpool
96%
Milan
96%
Chelsea
95%
Bayern Munich
94%
Inter
94%
Juventus
94%
Manchester City
94%
Atlético de Madrid
93%
PSG
92%
Manchester United
90%
Old Trafford, Manchester
88%
Estadio do Dragão, Oporto
86%
Oporto
85%
Tottenham
85%
Valencia
85%
Santiago Bernabéu, Madrid
84%
Wanda Metropolitano, Madrid
84%
Arsenal
83%
Ajax
82%
Borussia Dortmund
82%
Benfica
81%
Marsella
80%
Stade de France, Saint Denis
79%
Parc des Princes, París
78%
Roma
77%
Stadio Olimpico, Roma
77%
Estadio da Luz, Lisboa
75%
Wembley, Londres
75%
Estadio Nácional, Lisboa
74%
Nottingham Forest
72%
Bayer Leverkusen
68%
Celtic
67%
Monaco
67%
Estrella Roja
66%
PSV
65%
Aston Villa
64%
Olympiastadion, Berlín
63%
Allianz Arena, Múnich
62%
NSC Olimpiyskiy Stadium, Kiev
61%
Olympiastadion, Múnich
60%
Atatürk Olimpiyat Stadyumu, Estambul
58%
Hamburgo
58%
Steaua de Bucarest
57%
Estadio Olímpico Luzhnikí, Moscú
53%
Feyenoord
53%
Millennium Stadium, Cardiff
53%
Ramón Sánchez-Pizjuán, Sevilla
53%
Amsterdam Arena, Ámsterdam
48%
Olympisch Stadion, Ámsterdam
48%
Sampdoria
48%
Estadio Olímpico, Atenas
42%
Hampden Park, Glasgow
42%
Stade de Reims
42%
Fiorentina
40%
Heysel, Bruselas
36%
Ernst Happel, Viena
32%
Prater, Viena
32%
Eintracht de Frankfurt
31%
Wankdorfstadion, Berna
31%
Malmo
29%
Rajko Mitić, Belgrado
29%
Borussia Monchengladbach
27%
Brujas
27%
Leeds
26%
Partizan
24%
Panathinaikos
21%
De Kuip, Rotterdam
16%
Saint Étienne
16%
Arena AufSchalke, Gelsenkirchen
14%
Neckarstadion, Stuttgart
14%
San Nicola, Bari
12%

Distribución de puntuación

Porcentaje por número respondido

Porcentaje de gente con cada puntuación

Historial de tus puntuaciones

No has intentado esta prueba desde el último reinicio